000 00712nam a2200241Ia 4500
003 OSt
005 20220923225519.0
006 a|||||r|||| 00| 0
007 ta
008 220922b |||||||| |||| 00| 0 hin d
024 _a270,218
037 _cTextual
040 _aARTS
_cARTS
_bhin
041 _2hin
_ahin
082 _aO155,6:g, L0
100 _aकुलकर्णी, रंगनाथ
245 0 _aप्राचीन मराठी गद्य
246 _aPrāchīn marāṭhī gadya
260 _c1970
650 _aमराठी साहित्य
942 _hO155,6:g, L0
_cTEXL
_2CC
999 _c378754
_d378754